El juego de la supervivencia /
Predadores. Métodos de evasión y de ataque. Adaptaciones de los sentidos al peligro. Diferentes especies de animales. Mecanismos de defensa y ataque según la posición en el ecosistema.
Guardado en:
| Formato: | |
|---|---|
| Series: | Paraíso Viviente
|
| Materias: | |
| Etiquetas: |
Agregar Etiqueta
Sin Etiquetas, Sea el primero en etiquetar este registro!
|
| LEADER | 00954ngm a22002775g 4500 | ||
|---|---|---|---|
| 001 | CEM.cems021499 | ||
| 008 | 130507b1992##################0###0#####d | ||
| 005 | 20240826193613.0 | ||
| 245 | 0 | 0 | |a El juego de la supervivencia / |
| 300 | |a 51 | ||
| 490 | 0 | |a Paraíso Viviente | |
| 500 | |a En soporte VHS, consultar en ventanilla. | ||
| 520 | |a Predadores. Métodos de evasión y de ataque. Adaptaciones de los sentidos al peligro. Diferentes especies de animales. Mecanismos de defensa y ataque según la posición en el ecosistema. | ||
| 538 | |a Soporte: VHS - Norma: Pal N - Color - Grabación Drd 1992 - Hitachi=0000 | ||
| 082 | 5 | 7 | |. 5/PAR |
| 653 | |a ZOOLOGIA | ||
| 653 | |a PREDADORES | ||
| 653 | |a ANIMALES | ||
| 653 | |a ECOSISTEMA | ||
| 653 | |a SUPERVIVENCIA | ||
| 653 | |a ANIMALES | ||
| 653 | |a DEFENSA | ||
| 653 | |a ATAQUE | ||
| 653 | |a EVASION | ||
| 653 | |a PELIGRO | ||
| 859 | |a CEMS |b BIB. CEMS - Depto. Recursos Didacticos |h 574.5 |i PAR |k DRD |p 142.12 |t Ej.1 | ||
